| 000 | 01965nam0a2200361 4500 | ||
|---|---|---|---|
| 001 | RU\NLR\BIBL_A\022732315 | ||
| 005 | 20260408234258.0 | ||
| 035 | _a(NLR Aleph) 022732315 | ||
| 090 |
_a13639659 _c13639659 |
||
| 100 | _a20260219d2024 k y0rusy50 ca | ||
| 101 | 0 | _aeng | |
| 102 | _aRU | ||
| 105 | _aa dm 000 y | ||
| 181 | 0 |
_ai3 _baxxe |
|
| 182 | 0 | _an | |
| 200 | 1 |
_aGeometrical shape, coalescence and oxygen distribution modeling in benign tissue spheroids _edissertation abstract of the dissertation for the degree of doctor of philosophy in engineering _especialty: 1.1.9. Mechanics of fluids, gas and plasma _fKatherine Alexandrovna Vilinski-Mazur _gAutonomous non-profit educational organization for higher education "Skolkovo institute of science and technology" |
|
| 203 |
_aТекст _bвизуальный _cнепосредственный |
||
| 210 |
_aMoscow _c[s.n.] _d2024 |
||
| 215 |
_a24 с. _cцв. ил. _d21 |
||
| 320 | _aБиблиогр.: с. 21-22 (16 назв.) | ||
| 320 | _aДр. работы авт.: с. 22-23 | ||
| 333 | _a"As a manuscript" | ||
| 541 | 1 | _aМоделирование геометрической формы, слияния и распределения кислорода в тканевых сфероидах доброкачественной ткани | |
| 606 |
_aБиопринтные технологии _jАвторефераты диссертаций _3RU\NLR\AUTH\6601755134 _92667107 |
||
| 606 |
_aТкани (биол.) _xКислородный обмен _xМатематическое моделирование _jАвторефераты диссертаций _3RU\NLR\AUTH\6601767913 _92701638 |
||
| 686 | 1 | _aЕ903.163в641.0 | |
| 686 | 1 | _aР.с51 | |
| 700 | 1 |
_7ba _8rus _aVilinski-Mazur _bK. A. _f1996- _gKétrin Aleksandrovna _3RU\NLR\AUTH\770290452 _92698767 |
|
| 911 | _a1511.1.9--- | ||
| 942 | _cBOOK | ||
| 980 | _aNB | ||